000 01001cab a2200349 4500
001 ABS59272
008 090401t1998 xxu||||| |||| 00| 0 eng d
035 _a(Sirsi) u88523
041 _aeng
245 _aFocus `98: East Scotland
260 _c1998
350 _a0
490 _aEstates Gazette
_v(9837) 12 September 1998, 85-113(15)
520 _aReviews the retail, office and industrial property markets in Edinburgh as well as providing an overview of Dundee, Aberdeen and Inverness`s property markets.
650 _aABERDEEN
650 _aDUNDEE
650 _aDUNFERMLINE
650 _aEAST SCOTLAND
650 _aEDINBURGH
650 _aFALKIRK
650 _aINDUSTRIAL SECTOR
650 _aINVERNESS
650 _aOFFICE SECTOR
650 _aPERTH
650 _aRETAIL SECTOR
650 _aROSYTH
650 _aSHOPPING CENTRES
650 _aSTIRLING
690 _aPROPERTY-COMMERCIAL PROPERTY-COMMERCIAL PROPERTY MARKET
942 _n0
948 _c17/09/1998
999 _c55938
_d55938